000 00286nam a22001337a 4500
008 170221b xxu||||| |||| 00| 0 eng d
020 _a9780073252025
041 _aeng
080 _a615
100 _a5
101 _aSHF
245 _aDRUGS IN PERSPECTIVE
_cFIELDS, R
942 _2udc
_cBK
999 _c5963
_d5963